000 00339nam a2200133Ia 4500
008 240624s9999 xx 000 0 und d
041 _aeng
082 _a658.8 KOT
100 _aKOTABE MASAAKI
245 _aGLOBAL MARKETING MANAGEMENT
250 _a(5th ed.)
260 _c2012
_aNew Delhi
_bWiley
300 _axxiii, : 717 : p. : cm. ; 27
999 _c24130
_d24130